Départements français sans voyelles #1 - Statistiques

Statistiques générales
  • Ce quiz a été pris 676 fois
  • Le résultat moyen est 18 sur 20
Statistiques - réponses
Indices Réponses % Correct
FNSTR Finistère
99%
CHRNT-MRTM Charente-Maritime
98%
NRD Nord
97%
SN-SNT-DNS Seine-Saint-Denis
97%
LT-T-GRNN Lot-et-Garonne
96%
CLVDS Calvados
95%
HT-MRN Haute-Marne
95%
LR-T-CHR Loir-et-Cher
95%
DRM Drôme
93%
GDLP Guadeloupe
93%
MRTH-T-MSLL Meurthe-et-Moselle
93%
PRNS-ATLNTQS Pyrénées-Atlantiques
93%
VL-D'S Val-d'Oise
92%
CRRZ Corrèze
90%
HT-CRS Haute-Corse
90%
LL-T-VLN Ille-et-Vilaine
88%
TRN Tarn
88%
VND Vendée
86%
RDNNS Ardennes
77%
VNN Vienne
76%
Aucun quiz correspondant
Distribution des résultats
% des personnes avec chaque résultat
Percentile par nombre de réponses
Votre historique - résultats
Vous n’avez pas pris ce quiz